000 00755nmc a2200277 a 4500
003 AR-BaBNM
005 20251128204716.0
008 247019s1989 ||||||||||||||000 | spa||
020 _a958-24-0016-1
040 _cAR-BaBNM
100 1 _aQuiroga, Horacio
245 1 0 _aLos cuentos de mis hijos
260 _aBogotá
_bAlfaguara
_c1989
300 _a96 p.
_bil.
490 0 _aJuvenil Alfaguara
_vv. 32
500 _aContiene biografía del autor en la contratapa
650 4 _aLITERATURA INFANTIL
650 4 _aLIBROS PARA NINOS
650 4 _aCUENTOS DE ANIMALES
650 4 _aHISTORIAS DE AMOR
655 _aLITERATURA
700 1 _aRama, Angel
_eprologuista
700 1 _aMeléndez, Francisco
_eilustrador
942 _cBK
998 _cLAURA
999 _c8518
_d8518